| 000 | 00656nam a22001937a 4500 | ||
|---|---|---|---|
| 005 | 20251108164017.0 | ||
| 008 | 250721s1990 xx 000 0 ara d | ||
| 082 | 1 | 4 | _a210.43326/محم |
| 100 | 1 | _aالصاوي، محمد صلاح محمد | |
| 245 | 1 | 0 | _aمشكلة الإستثمار في البنوك الإسلامية و كيف علاجها الإسلام / |
| 264 | 1 |
_aالمنصورة : _bدار الوفاء، _c1990. |
|
| 300 | _a767ص. | ||
| 490 | 0 | _aأضواء على الإقتصاد الإسلامي؛13 | |
| 650 | 1 | 7 | _aالمالية |
| 650 | 1 | 7 | _aالإسلام |
| 650 | 1 | 7 | _aالإستثمارات |
| 942 |
_2ddc _cBK |
||
| 999 |
_c1359 _d1359 |
||